|
|
|
|
| LEADER |
01584nam a2200421 4500 |
| 001 |
ocn844068224 |
| 003 |
OCoLC |
| 005 |
20180501122009.0 |
| 006 |
m o d |
| 007 |
cr cn||||||||| |
| 008 |
101013s2013 enka ob 001 0 eng d |
| 040 |
|
|
|a E7B
|b eng
|e pn
|c E7B
|d OPELS
|d UIU
|d N$T
|d YDXCP
|d OCLCF
|d OCLCQ
|d DEBBG
|d GrThAP
|
| 020 |
|
|
|a 9780123964557
|q (electronic bk.)
|
| 020 |
|
|
|a 0123964555
|q (electronic bk.)
|
| 020 |
|
|
|a 9780123964793
|q (electronic bk.)
|
| 020 |
|
|
|a 0123964792
|q (electronic bk.)
|
| 035 |
|
|
|a (OCoLC)844068224
|
| 050 |
|
4 |
|a QC702.7.H42
|b T46 2013eb
|
| 072 |
|
7 |
|a TEC
|x 028000
|2 bisacsh
|
| 082 |
0 |
4 |
|a 539.7/57
|2 23
|
| 049 |
|
|
|a TEFA
|
| 245 |
0 |
0 |
|a Theory of heavy ion physics in medicine /
|c edited by Dževad Belkić.
|
| 260 |
|
|
|a Oxford :
|b Elsevier,
|c 2013.
|
| 300 |
|
|
|a 1 online resource (xix, 461 pages) :
|b illustrations.
|
| 336 |
|
|
|a text
|b txt
|2 rdacontent
|
| 337 |
|
|
|a computer
|b c
|2 rdamedia
|
| 338 |
|
|
|a online resource
|b cr
|2 rdacarrier
|
| 490 |
1 |
|
|a Advances in quantum chemistry ;
|v 65
|
| 504 |
|
|
|a Includes bibliographical references and index.
|
| 650 |
|
0 |
|a Heavy ion collisions.
|
| 650 |
|
0 |
|a Medical physics.
|
| 650 |
|
7 |
|a TECHNOLOGY & ENGINEERING
|x Power Resources
|x Nuclear.
|2 bisacsh
|
| 650 |
|
7 |
|a Heavy ion collisions.
|2 fast
|0 (OCoLC)fst00954126
|
| 650 |
|
7 |
|a Medical physics.
|2 fast
|0 (OCoLC)fst01014499
|
| 655 |
|
4 |
|a Electronic books.
|
| 700 |
1 |
|
|a Belkić, Dž
|q (Dževad)
|
| 830 |
|
0 |
|a Advances in quantum chemistry ;
|v 65.
|
| 856 |
4 |
0 |
|u https://www.sciencedirect.com/science/bookseries/00653276/65
|z Full Text via HEAL-Link
|